000 00267nam a2200097Ia 4500
001 684287
005 20250826161454.0
008 250824s9999 xx 000 0 und d
245 0 _aÇOCUKLUĞUM (ANTİK OKUL KLASİKLERİ)
_cTOLSTOY
260 _bANTİK DÜNYA KLASİKLERİ
999 _c684287
_d684287